[Event "Kuprejanov mem"]
[Site "Toronto CAN"]
[Date "2003.??.??"]
[Round "1"]
[White "Richardson, Ross"]
[Black "Veltmann, Martin"]
[Result "1/2-1/2"]
[WhiteElo "1847"]
[BlackElo "2075"]
[PlyCount "111"]
[EventDate "2003.04.02"]
[EventType "tourn"]
[EventRounds "9"]
[EventCountry "CAN"]

1. d4 Nf6 2. c4 g6 3. Nc3 Bg7 4. e4 O-O 5. Be3 d6 6. f3 b6 7. Bd3 Bb7 8. Nge2
c5 9. d5 Nbd7 10. O-O Ne5 11. Rb1 Nxd3 12. Qxd3 Nd7 13. f4 Qc7 14. Ng3 a6 15.
a4 Rae8 16. Rbd1 Nf6 17. h3 Nd7 18. Kh1 Qb8 19. Bg1 Ba8 20. Rf3 Kh8 21. Nf1 e6
22. Ne3 exd5 23. Nexd5 Bxd5 24. Qxd5 Bxc3 25. bxc3 Nf6 26. Qxd6 Nxe4 27. Qxb8
Rxb8 28. f5 gxf5 29. Rd5 Rg8 30. Bh2 Rbd8 31. Rfxf5 Rxd5 32. Rxd5 Re8 33. Bc7
Re6 34. a5 bxa5 35. Bxa5 Kg7 36. g4 Kf6 37. Kg2 Rc6 38. Rf5+ Ke6 39. Rh5 Nd6
40. Rxh7 Nxc4 41. Rh6+ Kd7 42. Rxc6 Kxc6 43. h4 Kd7 44. h5 Ke8 45. h6 Kf8 46.
Bd8 a5 47. Be7+ Kg8 48. Bxc5 Kh7 49. g5 a4 50. Kf3 a3 51. Bxa3 Nxa3 52. Ke4 Kg6
53. Kd5 Nb5 54. c4 Nc7+ 55. Ke5 Ne6 56. h7 1/2-1/2

[Event "Kuprejanov mem"]
[Site "Toronto CAN"]
[Date "2003.04.02"]
[Round "1"]
[White "Srinivasan, Gajana"]
[Black "Roller, Robert"]
[Result "1/2-1/2"]
[WhiteElo "1972"]
[BlackElo "1843"]
[PlyCount "118"]
[EventDate "2003.04.02"]
[EventType "tourn"]
[EventRounds "9"]
[EventCountry "CAN"]

1. e4 e6 2. d4 d5 3. Nc3 Bb4 4. e5 c5 5. a3 Bxc3+ 6. bxc3 Ne7 7. Qg4 Qc7 8. Bd2
cxd4 9. cxd4 Qxc2 10. Qxg7 Rg8 11. Qh6 Nbc6 12. Nf3 Nxd4 13. Nxd4 Qb2 14. Bb5+
Bd7 15. O-O Qxd4 16. Bxd7+ Kxd7 17. Rfe1 Qg4 18. g3 Nf5 19. Qf4 Qxf4 20. Bxf4
Nd4 21. Reb1 Ne2+ 22. Kf1 Nxf4 23. Rxb7+ Kc6 24. Rxf7 Nd3 25. f4 Raf8 26. Rxh7
Nxe5 27. Rc1+ Nc4 28. Rxa7 Ra8 29. Rh7 Rxa3 30. Rh6 Re3 31. Kf2 Re4 32. Re1
Rxe1 33. Kxe1 Kd7 34. Rh7+ Kd6 35. Rh6 Ke7 36. Rh7+ Kf6 37. Rh6+ Rg6 38. Rh7
Kf5 39. Kf2 Nd6 40. Kf3 Kf6 41. g4 e5 42. f5 Nxf5 43. gxf5 Kxf5 44. h4 e4+ 45.
Kf2 d4 46. Rf7+ Ke5 47. Re7+ Re6 48. Rd7 Rf6+ 49. Ke2 d3+ 50. Kd1 Kf4 51. Rd8
Kf3 52. Kd2 Kf4 53. Rd7 Ke5 54. Re7+ Kf4 55. Rd7 Kf3 56. Re7 Kf2 57. Rxe4 Rh6
58. Kxd3 Kg3 59. Re1 Rxh4 1/2-1/2

[Event "Kuprejanov mem"]
[Site "Toronto CAN"]
[Date "2003.05.06"]
[Round "2"]
[White "Barron, Michael"]
[Black "Richardson, Ross"]
[Result "1-0"]
[WhiteElo "2243"]
[BlackElo "1847"]
[PlyCount "71"]
[EventDate "2003.04.02"]
[EventType "tourn"]
[EventRounds "9"]
[EventCountry "CAN"]

1. e4 c5 2. Nf3 Nc6 3. d4 cxd4 4. Nxd4 Nf6 5. Nc3 d6 6. Be2 e5 7. Nb3 Be7 8.
O-O O-O 9. Kh1 a5 10. a4 Be6 11. f4 Rc8 12. f5 Bd7 13. g4 Nb4 14. g5 Ne8 15.
Rg1 Kh8 16. Bd3 Bc6 17. Rg3 Qd7 18. Kg1 g6 19. Rh3 d5 20. Qg4 dxe4 21. Nxe4
Nxd3 22. cxd3 Qxf5 23. Qh4 h5 24. Be3 Bxe4 25. dxe4 Qe6 26. Nd2 Bc5 27. b3 Nd6
28. Rf1 Bxe3+ 29. Rxe3 Rc2 30. Rd3 Rfc8 31. Rf6 Rxd2 32. Rxd2 Qxb3 33. Rfxd6
Qe3+ 34. Qf2 Rc1+ 35. Rd1 Qxg5+ 36. Qg3 1-0

[Event "Kuprejanov mem"]
[Site "Toronto CAN"]
[Date "2003.05.06"]
[Round "2"]
[White "Henry, Liam"]
[Black "Srinivasan, Gajana"]
[Result "1-0"]
[WhiteElo "1961"]
[BlackElo "1972"]
[PlyCount "121"]
[EventDate "2003.04.02"]
[EventType "tourn"]
[EventRounds "9"]
[EventCountry "CAN"]

1. e4 c5 2. Nf3 d6 3. d4 cxd4 4. Nxd4 Nf6 5. Nc3 a6 6. Bc4 e6 7. Bb3 Be7 8. O-O
O-O 9. f4 e5 10. Nf5 Bxf5 11. exf5 Nc6 12. Be3 Rc8 13. g4 Nd4 14. g5 Nxf5 15.
gxf6 Nxe3 16. fxe7 Qxe7 17. Nd5 Nxd5 18. Qxd5 exf4 19. Rxf4 Qe3+ 20. Rf2 Rc5
21. Qf3 Qe7 22. Raf1 Rg5+ 23. Kh1 d5 24. Bxd5 g6 25. Bxf7+ Kg7 26. Qf6+ Qxf6
27. Rxf6 Rc5 28. R6f2 b5 29. Bb3 Rd8 30. Rf7+ Kh8 31. R1f2 Rg5 32. h3 a5 33. a4
bxa4 34. Bxa4 Rd1+ 35. Rf1 Rd4 36. b3 Rg3 37. R7f3 Rg5 38. c4 Rd2 39. R1f2 Rd1+
40. Kh2 Rgg1 41. Rg2 Rh1+ 42. Kg3 g5 43. Rc3 Rdf1 44. c5 g4 45. Kxg4 Rf8 46. c6
Rg8+ 47. Kf3 Rxh3+ 48. Ke4 Rh4+ 49. Kd5 Rxg2 50. c7 Rh5+ 51. Kc6 Rg8 52. Kb7
Rh4 53. c8=Q Rxc8 54. Rxc8+ Kg7 55. Kb6 Kf6 56. Kxa5 Ke7 57. b4 Kd6 58. b5 Rh5
59. Ka6 Rh4 60. Bc2 Kd7 61. Rc3 1-0

[Event "Kuprejanov mem"]
[Site "Toronto CAN"]
[Date "2003.05.06"]
[Round "2"]
[White "Laughlin, Steve"]
[Black "Bergeron, Florian"]
[Result "1-0"]
[WhiteElo "1961"]
[BlackElo "1843"]
[PlyCount "89"]
[EventDate "2003.04.02"]
[EventType "tourn"]
[EventRounds "9"]
[EventCountry "CAN"]

1. e4 e6 2. d4 d5 3. e5 c5 4. c3 cxd4 5. cxd4 Nc6 6. Nf3 Bb4+ 7. Nc3 Nge7 8. a3
Ba5 9. Bd3 Bd7 10. O-O a6 11. Re1 b5 12. b4 Bb6 13. Be3 Ng6 14. Rc1 Rc8 15. Bg5
Nce7 16. h4 h6 17. Be3 Bc6 18. h5 Nf8 19. a4 bxa4 20. Bxa6 Ra8 21. Bb5 Nd7 22.
Bxc6 Nxc6 23. Nxd5 exd5 24. Rxc6 O-O 25. Qc2 a3 26. Ra1 Nb8 27. Rc3 Qe7 28. Qb3
Rd8 29. Rxa3 Rxa3 30. Qxa3 Nd7 31. Rc6 Rb8 32. Bd2 f6 33. Qb3 fxe5 34. Qxd5+
Kh7 35. dxe5 Nf8 36. Qe4+ Kh8 37. Bc3 Qa7 38. Qe2 Qe7 39. e6 Nh7 40. Qe5 Rb7
41. Qe4 Nf8 42. Ne5 Kg8 43. Rc8 Qf6 44. Qf3 Rc7 45. Rxc7 1-0

[Event "Kuprejanov mem"]
[Site "Toronto CAN"]
[Date "2003.05.06"]
[Round "2"]
[White "Roller, Robert"]
[Black "Haziprodromu, Sam"]
[Result "0-1"]
[WhiteElo "1843"]
[BlackElo "1943"]
[PlyCount "112"]
[EventDate "2003.04.02"]
[EventType "tourn"]
[EventRounds "9"]
[EventCountry "CAN"]

1. e4 e5 2. Nf3 Nc6 3. d4 exd4 4. Nxd4 Bc5 5. Nb3 Bb6 6. Nc3 d6 7. a4 a6 8. Nd5
Ba7 9. Bg5 f6 10. Bh4 Be6 11. Be2 Qd7 12. c3 O-O-O 13. O-O g5 14. Bg3 Kb8 15.
Kh1 Nce7 16. f4 f5 17. fxg5 fxe4 18. Nf4 Nf5 19. Bf2 e3 20. Be1 Nge7 21. Nd4
Nxd4 22. cxd4 h6 23. g6 Rdg8 24. Qd3 Bf5 25. Qxe3 Bxg6 26. Qb3 Ka8 27. Bf3 c6
28. Nxg6 Rxg6 29. Bc3 d5 30. Rae1 Bb8 31. Qc2 Qd6 32. g3 Rhg8 33. Re5 Qd7 34.
Rh5 Nc8 35. Bb4 Nd6 36. Bxd6 Bxd6 37. Qf5 Qe7 38. Qd3 Qg7 39. g4 Bb8 40. h3 Rf6
41. b4 Rgf8 42. Be2 Rxf1+ 43. Bxf1 Rf4 44. b5 Rxd4 45. Qc2 Rf4 46. Bd3 Qf8 47.
Kg2 Qd6 48. bxc6 bxc6 49. Rf5 Rc4 50. Qf2 Qh2+ 51. Kf3 Qxh3+ 52. Ke2 Rxa4 53.
Rf3 Qxg4 54. Qb6 Ra2+ 55. Ke1 Bg3+ 56. Kd1 Qxf3+ 0-1

[Event "Kuprejanov mem"]
[Site "Toronto CAN"]
[Date "2003.05.06"]
[Round "2"]
[White "Veltmann, Martin"]
[Black "Lucki, Arnie"]
[Result "1/2-1/2"]
[WhiteElo "2075"]
[BlackElo "2003"]
[PlyCount "72"]
[EventDate "2003.04.02"]
[EventType "tourn"]
[EventRounds "9"]
[EventCountry "CAN"]

1. c4 Nf6 2. Nc3 g6 3. g3 Bg7 4. Bg2 O-O 5. Nf3 d6 6. O-O e5 7. d3 c6 8. Rb1 a5
9. a3 Na6 10. b4 axb4 11. axb4 Nh5 12. b5 Nc5 13. Bd2 f5 14. Qc2 Qe8 15. bxc6
bxc6 16. Rb6 Bd7 17. e3 Qd8 18. Rbb1 f4 19. exf4 exf4 20. Rfe1 Bg4 21. Rf1 Qd7
22. Ne4 Nxe4 23. dxe4 Ra3 24. Rb3 Qa7 25. Qd3 Ra1 26. Rxa1 Qxa1+ 27. Rb1 Qa7
28. c5 fxg3 29. hxg3 Qf7 30. Qb3 Qxb3 31. Rxb3 Bxf3 32. Bxf3 dxc5 33. Bxh5 gxh5
34. f4 Bd4+ 35. Kf1 c4 36. Rb4 c3 1/2-1/2

[Event "Kuprejanov mem"]
[Site "Toronto CAN"]
[Date "2003.??.??"]
[Round "3"]
[White "Bergeron, Florian"]
[Black "Roller, Robert"]
[Result "1/2-1/2"]
[WhiteElo "1843"]
[BlackElo "1843"]
[PlyCount "72"]
[EventDate "2003.04.02"]
[EventType "tourn"]
[EventRounds "9"]
[EventCountry "CAN"]

1. d4 e6 2. c4 Nf6 3. Nc3 Bb4 4. e3 c5 5. Bd3 Nc6 6. Nf3 d5 7. O-O O-O 8. Ne5
cxd4 9. exd4 Bd6 10. f4 Nxd4 11. Bxh7+ Kxh7 12. Qxd4 b6 13. Qd3+ g6 14. cxd5
exd5 15. Kh1 Bf5 16. Qf3 Rc8 17. Be3 Bc5 18. Bxc5 bxc5 19. g4 Be4 20. Nxe4 Nxe4
21. Rad1 f6 22. Qh3+ Kg7 23. Nf3 d4 24. f5 Rh8 25. Qg2 g5 26. Nxd4 Ng3+ 27.
Qxg3 cxd4 28. Qd3 Qd5+ 29. Qf3 Qxa2 30. Qb7+ Qf7 31. Qxf7+ Kxf7 32. Rxd4 Rc2
33. Rd7+ Kf8 34. Rfd1 Rhxh2+ 35. Kg1 Rhg2+ 36. Kh1 Rh2+ 1/2-1/2

[Event "Kuprejanov mem"]
[Site "Toronto CAN"]
[Date "2003.??.??"]
[Round "3"]
[White "Lucki, Arnie"]
[Black "Barron, Michael"]
[Result "0-1"]
[WhiteElo "2003"]
[BlackElo "2243"]
[PlyCount "98"]
[EventDate "2003.04.02"]
[EventType "tourn"]
[EventRounds "9"]
[EventCountry "CAN"]

1. d4 f5 2. Nc3 d5 3. Bg5 h6 4. Bf4 Nf6 5. e3 e6 6. Be2 g6 7. Nf3 Bd6 8. Be5
Nbd7 9. h4 a6 10. Qd3 O-O 11. O-O-O Ng4 12. Rdf1 Ndxe5 13. Nxe5 Nxe5 14. dxe5
Bxe5 15. f4 Bg7 16. g4 d4 17. exd4 Qxd4 18. Qg3 e5 19. gxf5 Bxf5 20. h5 exf4
21. Rxf4 Qd6 22. Bc4+ Kh7 23. Rd1 Qe7 24. Re1 Qg5 25. Qxg5 hxg5 26. hxg6+ Kxg6
27. Rxf5 Rxf5 28. Bd3 Bxc3 29. bxc3 Raf8 30. Kd2 Kg7 31. Bxf5 Rxf5 32. Re7+ Rf7
33. Re4 Kf6 34. Rb4 b5 35. Ke3 Rh7 36. Rd4 Rh4 37. Rd8 Rc4 38. Rf8+ Kg7 39. Ra8
Rxc3+ 40. Kd4 Rc6 41. Kd5 Rg6 42. Ra7 g4 43. Rxc7+ Kh6 44. Re7 g3 45. Re1 Kg5
46. Rg1 Kf4 47. Kd4 g2 48. Kd3 Kf3 49. Kd2 Kf2 0-1

[Event "Kuprejanov mem"]
[Site "Toronto CAN"]
[Date "2003.??.??"]
[Round "3"]
[White "Richardson, Ross"]
[Black "Laughlin, Steve"]
[Result "1/2-1/2"]
[WhiteElo "1843"]
[BlackElo "1961"]
[PlyCount "104"]
[EventDate "2003.04.02"]
[EventType "tourn"]
[EventRounds "9"]
[EventCountry "CAN"]

1. Nf3 Nf6 2. c4 g6 3. g3 Bg7 4. Bg2 O-O 5. O-O d6 6. d4 Nbd7 7. Nc3 e5 8. e4
c6 9. h3 Re8 10. d5 cxd5 11. cxd5 Nc5 12. Ne1 a5 13. Nd3 Nfd7 14. Be3 Nxd3 15.
Qxd3 b6 16. Qd2 Ba6 17. Rfe1 Nc5 18. Bf1 Bxf1 19. Rxf1 Qd7 20. Kg2 f5 21. Bxc5
bxc5 22. a4 Rf8 23. f3 Qe7 24. Nb5 h5 25. Ra3 fxe4 26. fxe4 Rxf1 27. Kxf1 Rf8+
28. Kg2 Qf6 29. Qe2 g5 30. Rf3 Qg6 31. Rxf8+ Bxf8 32. g4 Qf6 33. Qf3 Qf4 34.
Qxf4 exf4 35. Na3 hxg4 36. hxg4 Bg7 37. Nc4 Kf8 38. Nxd6 Bxb2 39. Nc4 Bc3 40.
e5 Ke7 41. Kf3 Bb4 42. Ke4 Be1 43. Nd6 Bc3 44. Nf5+ Kd8 45. e6 Bf6 46. Nd6 Ke7
47. Nb7 c4 48. Nxa5 c3 49. Nb3 Kd6 50. a5 Bd8 51. a6 Bb6 52. Kd3 f3 1/2-1/2

[Event "Kuprejanov mem"]
[Site "Toronto CAN"]
[Date "2003.??.??"]
[Round "4"]
[White "Barron, Michael"]
[Black "Srinivasan, Gajana"]
[Result "1-0"]
[WhiteElo "2243"]
[BlackElo "1972"]
[PlyCount "51"]
[EventDate "2003.04.02"]
[EventType "tourn"]
[EventRounds "9"]
[EventCountry "CAN"]

1. e4 c5 2. Nf3 Nc6 3. d4 cxd4 4. Nxd4 e5 5. Nb5 d6 6. c4 a6 7. N5c3 f5 8. Bd3
f4 9. g3 g5 10. Qh5+ Kd7 11. Nd5 Be7 12. Nbc3 Nd4 13. b4 b5 14. cxb5 axb5 15.
Nxb5 Ba6 16. Qg4+ Ke8 17. Nbc7+ Kf8 18. Nxa6 Rxa6 19. Bxa6 Nc2+ 20. Kd2 Nxa1
21. Bb2 Nf6 22. Nxf6 Bxf6 23. Qc8 Qxc8 24. Bxc8 Ke7 25. Bb7 Rb8 26. Bd5 1-0

[Event "Kuprejanov mem"]
[Site "Toronto CAN"]
[Date "2003.??.??"]
[Round "4"]
[White "Henry, Liam"]
[Black "Bergeron, Florian"]
[Result "0-1"]
[WhiteElo "1945"]
[BlackElo "1843"]
[PlyCount "116"]
[EventDate "2003.04.02"]
[EventType "tourn"]
[EventRounds "9"]
[EventCountry "CAN"]

1. e4 e6 2. d4 d5 3. Nc3 Nf6 4. Bg5 Bb4 5. e5 h6 6. exf6 hxg5 7. fxg7 Rg8 8.
Nf3 Nc6 9. Bb5 Bd7 10. Bxc6 Bxc6 11. Ne5 Qf6 12. O-O Qxg7 13. Qd3 Bd6 14. Rfe1
Rh8 15. Nb5 Qh7 16. Qxh7 Rxh7 17. Nxd6+ cxd6 18. Nxc6 bxc6 19. Rac1 Kd7 20. c4
Rb8 21. Re2 Rh4 22. Rd2 dxc4 23. Rxc4 d5 24. Ra4 Rb7 25. g3 Rh8 26. b4 g4 27.
Rc2 Rhb8 28. a3 Kd6 29. Ra6 Rc7 30. Ra5 Rb6 31. Rac5 Rcb7 32. Kg2 f6 33. f3
gxf3+ 34. Kxf3 e5 35. Kg4 Ra6 36. Kf5 e4 37. Kxf6 Rb8 38. g4 Rf8+ 39. Kg7 Rf3
40. h4 Rf4 41. Rg2 Rxa3 42. h5 e3 43. Rcc2 Rd3 44. h6 Rdxd4 45. g5 Rde4 46. h7
Re7+ 47. Kg6 Rh4 48. Rh2 Rexh7 49. Rxh4 Rxh4 50. Re2 d4 51. Kf5 Kd5 52. g6 Rh8
53. g7 Rg8 54. Kf6 Ke4 55. Rc2 d3 56. Rxc6 d2 57. Re6+ Kf3 58. Rd6 Ke2 0-1

[Event "Kuprejanov mem"]
[Site "Toronto CAN"]
[Date "2003.??.??"]
[Round "4"]
[White "Laughlin, Steve"]
[Black "Roller, Robert"]
[Result "1-0"]
[WhiteElo "1961"]
[BlackElo "1843"]
[PlyCount "77"]
[EventDate "2003.04.02"]
[EventType "tourn"]
[EventRounds "9"]
[EventCountry "CAN"]

1. e4 e6 2. d4 d5 3. Nc3 Bb4 4. e5 c5 5. a3 Bxc3+ 6. bxc3 Ne7 7. Nf3 Bd7 8. a4
Qa5 9. Qd2 Nbc6 10. Be2 O-O 11. O-O f6 12. Ba3 cxd4 13. exf6 Rxf6 14. Bb4 Nxb4
15. cxb4 Qc7 16. Nxd4 e5 17. Nb5 Bxb5 18. axb5 Raf8 19. c3 e4 20. Rxa7 Qb8 21.
Ra2 Kh8 22. Qd4 Rh6 23. h3 Qc8 24. Bg4 Qb8 25. Rfa1 Rhf6 26. Qc5 Qe5 27. Ra8 h5
28. Rxf8+ Rxf8 29. Be2 Qf6 30. Bxh5 b6 31. Qd4 Qxd4 32. cxd4 Nf5 33. Bg4 Nxd4
34. Rd1 Nc2 35. Rxd5 e3 36. fxe3 Nxe3 37. Rh5+ Kg8 38. Be6+ Rf7 39. Re5 1-0

[Event "Kuprejanov mem"]
[Site "Toronto CAN"]
[Date "2003.??.??"]
[Round "4"]
[White "Richardson, Ross"]
[Black "Lucki, Arnie"]
[Result "1-0"]
[WhiteElo "1843"]
[BlackElo "2003"]
[PlyCount "105"]
[EventDate "2003.04.02"]
[EventType "tourn"]
[EventRounds "9"]
[EventCountry "CAN"]

1. Nf3 Nf6 2. d4 g6 3. g3 Bg7 4. Bg2 O-O 5. O-O d6 6. c4 Nc6 7. Nc3 e5 8. dxe5
dxe5 9. Qxd8 Rxd8 10. Bg5 e4 11. Nd2 h6 12. Bxf6 Rxd2 13. Bxg7 Kxg7 14. Bxe4
Rxb2 15. Rab1 Rd2 16. Rfe1 Na5 17. c5 c6 18. Bd3 Be6 19. a4 Rb8 20. Rb4 Nb3 21.
Ne4 Ra2 22. Rb1 Ra3 23. Bc2 Na1 24. Bd1 Bd5 25. Nd6 b6 26. cxb6 Rxb6 27. Rxb6
axb6 28. Rxb6 Nb3 29. e4 Ra1 30. exd5 Rxd1+ 31. Kg2 Rxd5 32. Rxb3 Rxd6 33. a5
Rd7 34. Kf3 Ra7 35. Ra3 Ra6 36. Ke4 Kf6 37. Kd4 Ke6 38. Kc5 f5 39. f4 g5 40.
Re3+ Kf6 41. Kb4 Kf7 42. Re5 Kf6 43. Re8 Kf7 44. Rb8 Ra7 45. Rb6 gxf4 46. gxf4
Re7 47. a6 Re4+ 48. Kc5 Rxf4 49. Kxc6 Ra4 50. Kb7 h5 51. a7 f4 52. a8=Q Rxa8
53. Kxa8 1-0

[Event "Kuprejanov mem"]
[Site "Toronto CAN"]
[Date "2003.??.??"]
[Round "4"]
[White "Veltmann, Martin"]
[Black "Haziprodromu, Sam"]
[Result "1-0"]
[WhiteElo "2075"]
[BlackElo "1947"]
[PlyCount "61"]
[EventDate "2003.04.02"]
[EventType "tourn"]
[EventRounds "9"]
[EventCountry "CAN"]

1. c4 Nf6 2. Nc3 c5 3. Nf3 d5 4. cxd5 Nxd5 5. e3 e6 6. d3 Be7 7. Be2 Nc6 8. O-O
O-O 9. a3 b6 10. Qc2 Bb7 11. Bd2 Rc8 12. Rac1 Qd7 13. Nxd5 exd5 14. Qb1 Bf6 15.
b4 cxb4 16. axb4 Rfe8 17. h3 g6 18. b5 Ne5 19. Rxc8 Nxf3+ 20. Bxf3 Qxc8 21. d4
Qa8 22. Qa2 a5 23. bxa6 Bxa6 24. Bxd5 Bb7 25. Bxf7+ Kg7 26. Qxa8 Rxa8 27. Be6
Re8 28. Bb3 Ra8 29. Rc1 Bd8 30. Bb4 Kf6 31. f3 1-0

[Event "Kuprejanov mem"]
[Site "Toronto CAN"]
[Date "2003.??.??"]
[Round "5"]
[White "Bergeron, Florian"]
[Black "Veltmann, Martin"]
[Result "0-1"]
[WhiteElo "1843"]
[BlackElo "2075"]
[PlyCount "62"]
[EventDate "2003.04.02"]
[EventType "tourn"]
[EventRounds "9"]
[EventCountry "CAN"]

1. d4 Nf6 2. c4 g6 3. Nc3 Bg7 4. e4 O-O 5. f4 d6 6. Nf3 c5 7. dxc5 dxc5 8. Qxd8
Rxd8 9. Be3 b6 10. e5 Ng4 11. Bg1 Nc6 12. h3 Nh6 13. g4 Bb7 14. Bg2 Na5 15. Nh4
Bxg2 16. Nxg2 Nxc4 17. b3 Nb2 18. Be3 f6 19. e6 f5 20. Bd2 fxg4 21. Rb1 Nd3+
22. Ke2 Nf5 23. Ne4 g3 24. Kf3 Nf2 25. Nxf2 Rxd2 26. Ne4 Rxa2 27. Rhd1 Nd4+ 28.
Kxg3 Nxe6 29. Rd7 Kf7 30. Ne3 Rd8 31. Nd6+ Kf8 0-1

[Event "Kuprejanov mem"]
[Site "Toronto CAN"]
[Date "2003.??.??"]
[Round "6"]
[White "Barron, Michael"]
[Black "Bergeron, Florian"]
[Result "1-0"]
[WhiteElo "2243"]
[BlackElo "1843"]
[PlyCount "55"]
[EventDate "2003.04.02"]
[EventType "tourn"]
[EventRounds "9"]
[EventCountry "CAN"]

1. e4 Nf6 2. e5 Nd5 3. d4 d6 4. Nf3 Bg4 5. Be2 e6 6. O-O Be7 7. c4 Nb6 8. b3
O-O 9. Nbd2 Nc6 10. Bb2 d5 11. c5 Nd7 12. Bc3 f6 13. b4 fxe5 14. dxe5 a6 15.
Nd4 Bf5 16. Nxc6 bxc6 17. Nb3 Nb8 18. g4 Bg6 19. f4 Be4 20. Bd3 Bxd3 21. Qxd3
g6 22. f5 gxf5 23. gxf5 exf5 24. Rxf5 Rxf5 25. Qxf5 Bf8 26. Qg4+ Bg7 27. e6 Qe7
28. Rf1 1-0

[Event "Kuprejanov mem"]
[Site "Toronto CAN"]
[Date "2003.??.??"]
[Round "6"]
[White "Laughlin, Steve"]
[Black "Henry, Liam"]
[Result "1-0"]
[WhiteElo "1961"]
[BlackElo "1945"]
[PlyCount "107"]
[EventDate "2003.04.02"]
[EventType "tourn"]
[EventRounds "9"]
[EventCountry "CAN"]

1. e4 c5 2. c3 Nf6 3. e5 Nd5 4. d4 cxd4 5. Qxd4 e6 6. Bd3 Nc6 7. Qe4 d6 8. Nf3
dxe5 9. Nxe5 Nxe5 10. Qxe5 Qd6 11. Qe2 Bd7 12. O-O Nf4 13. Bxf4 Qxf4 14. Bb5
O-O-O 15. a4 h5 16. Rd1 Bxb5 17. Rxd8+ Kxd8 18. axb5 Bd6 19. g3 Qc1+ 20. Qf1
Qxf1+ 21. Kxf1 Bc5 22. Nd2 h4 23. b4 Bb6 24. Ke2 hxg3 25. hxg3 Rh2 26. Ne4 Kc7
27. c4 Bd4 28. Rd1 e5 29. g4 Rh4 30. Rg1 f5 31. Ng5 Rxg4 32. Rxg4 fxg4 33. Ne6+
Kd6 34. Nxg7 Bc3 35. Ne8+ Ke7 36. Nc7 Kd6 37. Nd5 Bd4 38. Ne3 Bc3 39. Nc2 Bd4
40. c5+ Ke6 41. c6 bxc6 42. Nxd4+ exd4 43. bxc6 Kd6 44. b5 a6 45. bxa6 Kxc6 46.
Kd3 Kb6 47. Kxd4 Kxa6 48. Ke4 Kb6 49. Kf4 Kc6 50. Kxg4 Kd6 51. Kf5 Ke7 52. Kg6
Ke6 53. f4 Ke7 54. f5 1-0

[Event "Kuprejanov mem"]
[Site "Toronto CAN"]
[Date "2003.??.??"]
[Round "6"]
[White "Richardson, Ross"]
[Black "Haziprodromu, Sam"]
[Result "1-0"]
[WhiteElo "1843"]
[BlackElo "1964"]
[PlyCount "85"]
[EventDate "2003.04.02"]
[EventType "tourn"]
[EventRounds "9"]
[EventCountry "CAN"]

1. e4 e5 2. Nf3 Nc6 3. Bb5 a6 4. Ba4 Nf6 5. O-O b5 6. Bb3 Bb7 7. Re1 Bc5 8. c3
d6 9. d4 Bb6 10. Be3 O-O 11. Nbd2 h6 12. h3 Re8 13. d5 Na5 14. Bxb6 cxb6 15.
Bc2 Rc8 16. Bd3 Nh5 17. g3 g6 18. Qe2 Kg7 19. Rac1 Ba8 20. b4 Nb7 21. Nh2 Nf6
22. Kg2 Re7 23. Rc2 Rec7 24. Nb1 Qe7 25. Qe3 Nd7 26. Ng4 Qg5 27. f4 exf4 28.
gxf4 Qh4 29. Nh2 g5 30. Rf2 Nd8 31. Rg1 f6 32. Kh1 Nf7 33. Be2 Rxc3 34. Nxc3
Rxc3 35. Qxc3 Qxf2 36. Bg4 Nf8 37. Rf1 Qxa2 38. fxg5 Ne5 39. gxf6+ Kh8 40. Qc7
Ned7 41. Bxd7 Bxd5 42. exd5 Qxd5+ 43. Nf3 1-0

[Event "Kuprejanov mem"]
[Site "Toronto CAN"]
[Date "2003.??.??"]
[Round "6"]
[White "Veltmann, Martin"]
[Black "Roller, Robert"]
[Result "1-0"]
[WhiteElo "2075"]
[BlackElo "1843"]
[PlyCount "95"]
[EventDate "2003.04.02"]
[EventType "tourn"]
[EventRounds "9"]
[EventCountry "CAN"]

1. c4 Nf6 2. Nc3 e6 3. d4 Bb4 4. e3 c5 5. Nf3 d5 6. a3 Bxc3+ 7. bxc3 Nc6 8. Bd3
O-O 9. O-O dxc4 10. Bxc4 Qe7 11. Ba2 e5 12. Bb2 e4 13. Nd2 Re8 14. Rc1 Ng4 15.
g3 Qd6 16. Re1 Qh6 17. Nf1 Bf5 18. f3 Nf6 19. Bb1 Bh3 20. Nd2 Nd5 21. Nxe4 Nxe3
22. Qd2 Nc4 23. Qxh6 gxh6 24. Nf6+ Kf8 25. Nxe8 Nxb2 26. Nf6 cxd4 27. cxd4 Nxd4
28. Kf2 Kg7 29. Nd5 Rd8 30. Nf4 Bf5 31. Bxf5 Nxf5 32. Re2 Nd1+ 33. Ke1 Nd4 34.
Kxd1 Nb3+ 35. Kc2 Nd4+ 36. Kb2 Nxe2 37. Nxe2 h5 38. Kc3 Rd6 39. Nd4 Ra6 40. Ra1
Kf6 41. a4 Ke5 42. f4+ Kd5 43. a5 Rg6 44. Re1 b6 45. Re5+ Kd6 46. a6 h4 47.
Nf5+ Kc6 48. Ne7+ 1-0

[Event "Kuprejanov mem"]
[Site "Toronto CAN"]
[Date "2003.??.??"]
[Round "7"]
[White "Bergeron, Florian"]
[Black "Richardson, Ross"]
[Result "1/2-1/2"]
[WhiteElo "1833"]
[BlackElo "1843"]
[PlyCount "85"]
[EventDate "2003.04.02"]
[EventType "tourn"]
[EventRounds "9"]
[EventCountry "CAN"]

1. e4 c5 2. f4 e6 3. Nf3 Nc6 4. Nc3 a6 5. a4 d6 6. d4 cxd4 7. Nxd4 Nf6 8. Be2
Be7 9. Be3 O-O 10. Qd2 Nxd4 11. Bxd4 b6 12. O-O Bb7 13. Bf3 e5 14. Be3 Qc7 15.
f5 Rac8 16. Qf2 Qc4 17. Bxb6 Nxe4 18. Nxe4 Bxe4 19. Bxe4 Qxe4 20. c3 Qc4 21.
Rfe1 Rc6 22. a5 d5 23. Rxe5 Bd6 24. Bd4 Bxe5 25. Bxe5 f6 26. Bd4 Re8 27. Re1
Rcc8 28. Re3 Re4 29. Rxe4 dxe4 30. Qf1 Qc6 31. Kf2 Rd8 32. Ke3 Kf7 33. Qe2 g6
34. Qg4 Qb5 35. fxg6+ hxg6 36. Qh4 Qf5 37. Qh7+ Ke6 38. Qc7 Qg5+ 39. Kf2 Qd2+
40. Kf1 Qd1+ 41. Kf2 Qd2+ 42. Kf1 Qd1+ 43. Kf2 1/2-1/2

[Event "Kuprejanov mem"]
[Site "Toronto CAN"]
[Date "2003.??.??"]
[Round "7"]
[White "Haziprodromu, Sam"]
[Black "Lucki, Arnie"]
[Result "1-0"]
[WhiteElo "1943"]
[BlackElo "2003"]
[PlyCount "99"]
[EventDate "2003.04.02"]
[EventType "tourn"]
[EventRounds "9"]
[EventCountry "CAN"]

1. e4 Nf6 2. e5 Nd5 3. d4 d6 4. Nf3 g6 5. c4 Nb6 6. Nc3 dxe5 7. Nxe5 Bg7 8. Bf4
O-O 9. Be2 Bxe5 10. dxe5 Qxd1+ 11. Rxd1 c6 12. O-O Be6 13. b3 N8d7 14. Ne4 a5
15. Be3 a4 16. Nc5 axb3 17. axb3 Ra2 18. Rfe1 Nxc5 19. Bxc5 Nc8 20. Bf3 Rb2 21.
Re3 Kg7 22. h3 Re8 23. Be4 Ra2 24. g4 Ra5 25. Bd4 Rd8 26. Red3 Rxd4 27. Rxd4
Rxe5 28. f4 Ra5 29. b4 Ra4 30. f5 c5 31. bxc5 Bxc4 32. Bxb7 Na7 33. c6 Nb5 34.
c7 Nxc7 35. Rc1 Nb5 36. Rdxc4 Rxc4 37. Rxc4 Nd6 38. Rc7 gxf5 39. Rxe7 fxg4 40.
Rd7 Nc4 41. Bd5 Ne5 42. Ra7 gxh3 43. Kh2 Kg6 44. Kxh3 f5 45. Kh4 Nd3 46. Ra6+
Kg7 47. Kg5 Nb4 48. Ra7+ Kf8 49. Be6 Nc6 50. Rc7 1-0

[Event "Kuprejanov mem"]
[Site "Toronto CAN"]
[Date "2003.??.??"]
[Round "7"]
[White "Henry, Liam"]
[Black "Veltmann, Martin"]
[Result "1/2-1/2"]
[WhiteElo "1945"]
[BlackElo "2075"]
[PlyCount "77"]
[EventDate "2003.04.02"]
[EventType "tourn"]
[EventRounds "9"]
[EventCountry "CAN"]

1. e4 c5 2. Nf3 d6 3. d4 cxd4 4. Nxd4 Nf6 5. Nc3 a6 6. Bc4 e6 7. Bb3 Be7 8. O-O
O-O 9. f4 b5 10. f5 e5 11. Nde2 Bb7 12. Ng3 Nc6 13. Bg5 a5 14. Bxf6 Bxf6 15.
Nh5 Bg5 16. Qg4 Nd4 17. Bd5 Bxd5 18. Nxd5 f6 19. h4 Bh6 20. c3 Nc2 21. Rad1 Ne3
22. Nxe3 Bxe3+ 23. Kh1 Rf7 24. Rf3 Bc5 25. Rfd3 b4 26. c4 Bd4 27. Nf4 Bxb2 28.
Ne6 Qc8 29. Rxd6 Bd4 30. Nxd4 exd4 31. R1xd4 a4 32. Qd1 Rf8 33. R6d5 b3 34.
axb3 a3 35. Rd2 Qb8 36. Ra2 Qg3 37. Qd3 Qxh4+ 38. Kg1 Qe1+ 39. Kh2 1/2-1/2

[Event "Kuprejanov mem"]
[Site "Toronto CAN"]
[Date "2003.??.??"]
[Round "7"]
[White "Roller, Robert"]
[Black "Barron, Michael"]
[Result "0-1"]
[WhiteElo "1843"]
[BlackElo "2243"]
[PlyCount "70"]
[EventDate "2003.04.02"]
[EventType "tourn"]
[EventRounds "9"]
[EventCountry "CAN"]

1. e4 e5 2. Nf3 Nc6 3. d4 exd4 4. Nxd4 Qh4 5. Nb5 Nf6 6. Nd2 Bb4 7. c3 Ba5 8.
g3 Qg4 9. Qxg4 Nxg4 10. Nc4 a6 11. Nxa5 axb5 12. Nxc6 bxc6 13. Bf4 d6 14. h3
Ne5 15. a3 Be6 16. O-O-O Ke7 17. Be2 Rhb8 18. Be3 c5 19. f4 Nc4 20. Bf2 f6 21.
Bxc4 Bxc4 22. e5 fxe5 23. fxe5 b4 24. Rhe1 Be6 25. axb4 cxb4 26. Rd4 bxc3 27.
bxc3 Ra1+ 28. Kd2 Ra2+ 29. Ke3 dxe5 30. Re4 Bd5 31. Rxe5+ Kd6 32. Rf5 c5 33. g4
Re8+ 34. Kf4 Rxf2+ 35. Kg3 Rg2+ 0-1